Score 0/12 Timer 01:30
0 Plays Today
% Correct
74-76°W: betw. 20-21M
93.9%
76-78°W: betw. 20-21M
84.1%
80-82°W: betw. 29-30M
82.4%
118-120°W: betw. 15-16M
79.5%
86-88°W: betw. 21-22M
76%
82-84°W: betw. 23-24M
74.6%
120-122°W: betw. 15-16M
72.2%
72-74°W: betw. 19-20M
69.4%
96-98°W: betw. 18-19M
67%
88-90°W: betw. 15-16M
58.2%
94-96°W: betw. 16-17M
51.9%
84-86°W: betw. 22-23M
48.9%
Remove Ads.
Support Sporcle.
Get the best of Sporcle when you Go Orange. This ad-free experience offers more features, more stats, and more fun while also helping to support Sporcle. Thank you for becoming a member.

You're not logged in!

Compare scores with friends on all Sporcle quizzes.
OR
Log In

Show Comments

Extras

Top Quizzes Today


Score Distribution

Your Account Isn't Verified!

In order to create a playlist on Sporcle, you need to verify the email address you used during registration. Go to your Sporcle Settings to finish the process.

Report this User

Report this user for behavior that violates our Community Guidelines.

Details: